<?xml version="1.0" encoding="UTF-8"?>
<record
    xmlns:xsi="http://www.w3.org/2001/XMLSchema-instance"
    xsi:schemaLocation="http://www.loc.gov/MARC21/slim http://www.loc.gov/standards/marcxml/schema/MARC21slim.xsd"
    xmlns="http://www.loc.gov/MARC21/slim">

  <leader>02473    a2200421   4500</leader>
  <controlfield tag="001">49492</controlfield>
  <controlfield tag="005">20260407155758.0</controlfield>
  <controlfield tag="008">260407a2016    arg                 spa d</controlfield>
  <controlfield tag="003">AR-UNSa-BCEJYS</controlfield>
  <datafield tag="040" ind1=" " ind2=" ">
    <subfield code="a">AR-UNSa-BCEJYS</subfield>
    <subfield code="b">spa</subfield>
    <subfield code="c">AR-UNSa-BCEJYS</subfield>
  </datafield>
  <datafield tag="080" ind1=" " ind2=" ">
    <subfield code="a">378</subfield>
    <subfield code="x">Ense&#xF1;anza superior. Universidades. Escuelas especiales</subfield>
  </datafield>
  <datafield tag="245" ind1="1" ind2="0">
    <subfield code="a">La docencia universitaria mediante el enfoque del aula invertida</subfield>
  </datafield>
  <datafield tag="020" ind1=" " ind2=" ">
    <subfield code="a">978-84-9921-842-7</subfield>
  </datafield>
  <datafield tag="264" ind1=" " ind2="1">
    <subfield code="a">Barcelona :</subfield>
    <subfield code="b">Ediciones Octaedro</subfield>
    <subfield code="c">2016</subfield>
  </datafield>
  <datafield tag="300" ind1=" " ind2=" ">
    <subfield code="a">136 p.</subfield>
    <subfield code="c">21 cm.</subfield>
  </datafield>
  <datafield tag="505" ind1=" " ind2=" ">
    <subfield code="a">1. Antecedentes y estrategias de aula invertida en la ense&#xF1;anza universitaria / Jos&#xE9; Luis Medina - 2. Combinando la ense&#xF1;anza a tiempo y la instrucci&#xF3;n entre pares en la ense&#xF1;anza de la educaci&#xF3;n para la salud / Carlota Riera - 3. Aprendizaje basado en equipos y ense&#xF1;anza a tiempo en el Grado de Pedagog&#xED;a / Francisco Imbern&#xF3;n - 4. La instrucci&#xF3;n entre pares en la asignatura Health and disease in the movies en el Grado de Enfermer&#xED;a / Teresa ICART - 5. El aprendizaje basado en equipos en la formaci&#xF3;n en direcci&#xF3;n e inspecci&#xF3;n escolar / Paulino Carnicero; Juan Jos&#xE9; Gonz&#xE1;lez; Trinidad Mentado 6.3 La ense&#xF1;anza a tiempo en los grados de Ingenier&#xED;a Qu&#xED;mica e Ingenier&#xED;a de los Materiales / Eliana Rangel; Jordi Badia; Montserrat Iborra - 7. El aprendizaje basado en equipos en la simulaci&#xF3;n cl&#xED;nica en Enfermer&#xED;a / Gloria Tort - 8. Combinando la ense&#xF1;anza a tiempo y la intrucci&#xF3;n entre pares en la asignatura Ensayos cl&#xED;nicos y farmacovigilancia / Pilar Modamio; Cecilia Lasta; Eduardo Mari&#xF1;o - 9. El aula invertida en la ense&#xF1;anza de la inmunolog&#xED;a en un m&#xE1;ster / Enric Espel - 10. Ense&#xF1;ar con el aula invertida: algunas conclusiones / Jos&#xE9; Luis Medina.</subfield>
  </datafield>
  <datafield tag="041" ind1=" " ind2=" ">
    <subfield code="a">spa</subfield>
  </datafield>
  <datafield tag="942" ind1=" " ind2=" ">
    <subfield code="c">BK</subfield>
  </datafield>
  <datafield tag="590" ind1=" " ind2=" ">
    <subfield code="a">niveau_biblio:m niveau_hierar:0</subfield>
  </datafield>
  <datafield tag="100" ind1="1" ind2=" ">
    <subfield code="a">Medina Moya, Jos&#xE9; Luis</subfield>
  </datafield>
  <datafield tag="700" ind1="1" ind2=" ">
    <subfield code="a">Badia, Jordi</subfield>
  </datafield>
  <datafield tag="700" ind1="1" ind2=" ">
    <subfield code="a">Carnicero, Paulino</subfield>
  </datafield>
  <datafield tag="700" ind1="1" ind2=" ">
    <subfield code="a">G&#xF3;nzalez, Juan Jos&#xE9;</subfield>
  </datafield>
  <datafield tag="700" ind1="1" ind2=" ">
    <subfield code="a">Iborra, Montserrat</subfield>
  </datafield>
  <datafield tag="700" ind1="1" ind2=" ">
    <subfield code="a">Imbern&#xF3;n, Francisco</subfield>
  </datafield>
  <datafield tag="700" ind1="1" ind2=" ">
    <subfield code="a">Icart, Teresa</subfield>
  </datafield>
  <datafield tag="700" ind1="1" ind2=" ">
    <subfield code="a">Lasta, Cecilia</subfield>
  </datafield>
  <datafield tag="700" ind1="1" ind2=" ">
    <subfield code="a">Mari&#xF1;o, Eduardo</subfield>
  </datafield>
  <datafield tag="700" ind1="1" ind2=" ">
    <subfield code="a">Medina, Jos&#xE9; Luis</subfield>
  </datafield>
  <datafield tag="700" ind1="1" ind2=" ">
    <subfield code="a">Mentado, Trinidad</subfield>
  </datafield>
  <datafield tag="700" ind1="1" ind2=" ">
    <subfield code="a">Modamio, Pilar</subfield>
  </datafield>
  <datafield tag="700" ind1="1" ind2=" ">
    <subfield code="a">Prieto, Alfredo</subfield>
  </datafield>
  <datafield tag="700" ind1="1" ind2=" ">
    <subfield code="a">Rangel, Eliana</subfield>
  </datafield>
  <datafield tag="700" ind1="1" ind2=" ">
    <subfield code="a">Riera, Carlota</subfield>
  </datafield>
  <datafield tag="700" ind1="1" ind2=" ">
    <subfield code="a">Spelt, Enric</subfield>
  </datafield>
  <datafield tag="700" ind1="1" ind2=" ">
    <subfield code="a">Tort, Gloria</subfield>
  </datafield>
  <datafield tag="856" ind1="4" ind2="1">
    <subfield code="u">https://www.biblioeco.unsa.edu.ar/pmb/images/libros/L128143.jpg</subfield>
    <subfield code="y">Imagen de portada</subfield>
    <subfield code="q">image/jpeg</subfield>
  </datafield>
  <datafield tag="999" ind1=" " ind2=" ">
    <subfield code="c">4858</subfield>
    <subfield code="d">4858</subfield>
  </datafield>
  <datafield tag="952" ind1=" " ind2=" ">
    <subfield code="0">0</subfield>
    <subfield code="1">0</subfield>
    <subfield code="4">0</subfield>
    <subfield code="7">0</subfield>
    <subfield code="a">BCEJYS</subfield>
    <subfield code="b">BCEJYS</subfield>
    <subfield code="c">16</subfield>
    <subfield code="d">2026-04-07</subfield>
    <subfield code="l">0</subfield>
    <subfield code="o">P378 M491</subfield>
    <subfield code="p">L128143</subfield>
    <subfield code="r">2026-04-07 15:57:58</subfield>
    <subfield code="w">2026-04-07</subfield>
    <subfield code="y">L</subfield>
  </datafield>
</record>
